| 000 | 00862cam a2200193 4500 | ||
|---|---|---|---|
| 001 | J126679 | ||
| 008 | 040702n2004 000 0 eng u | ||
| 035 | _a(Sirsi) u126679 | ||
| 041 | _aeng | ||
| 050 |
_a711.58 _c18 |
||
| 110 |
_aCommission for Architecture and the Built Environment _94058 |
||
| 245 |
_aDesign reviewed urban housing _blessons learned from projects reviewed by CABE's expert design panel _h[electronic resource] |
||
| 260 |
_aLondon _bCABE _c2004 |
||
| 520 | _aExamines key issues for the planning of high-density housing and presents six case studies from England. View at www.cabe.org/publications/. | ||
| 650 | _aHIGH DENSITY HOUSING | ||
| 690 | _aHOUSING-DEVELOPMENT | ||
| 856 |
_uhttps://webarchive.nationalarchives.gov.uk/20110118095356/http://www.cabe.org.uk/files/design-review-ed-urban-housing.pdf _zView the report |
||
| 942 | _n0 | ||
| 999 |
_c103630 _d103630 |
||